Jozef Rosinský personálna bibliografia

Podrobná bibliografia
Hlavný autor: Mižáková, Helena, 1958- (Zostavovateľ, kompilátor)
Korporatívny autor: Krajská knižnica Karola Kmeťka v Nitre (vyd)
Ďalší autori: Bieliková, Viola, 1956- (Zostavovateľ, kompilátor), Pernická, Marta (Zostavovateľ, kompilátor)
Médium: Kniha
Jazyk:slovenčina
Fyzický popis:15 s. 21x15 cm
Vydavateľské údaje: Nitra Krajská štátna knižnica Karola Kmeťka 2002
ISBN:8085143305
Predmet:

MARC

LEADER 00000nam a2200000 a 4500
001 vtls001448237
003 SK-MaSNL
005 20260331204544.0
008 160322s2002 xo a r y 0 slo
015 |a SNBSAB2002-00121 
020 |a 8085143305 
035 |a SNK000403500 
040 |a SNK  |b slo  |c SNK  |e AACR2 
041 0 |a slo 
044 |a xo  |c SK 
080 |a 82:929:78.07:378.124:012  |2 2. slo 
080 |a 929 Rosinský, Jozef  |2 2. slo 
080 |a 78.07  |2 2. slo 
080 |a 378.124  |2 2. slo 
080 |a 012  |2 2. slo 
100 1 |a Mižáková, Helena,  |d 1958-  |4 zos  |9 80024 
245 1 |a Jozef Rosinský  |b personálna bibliografia  |c [zostavili: Helena Mižáková, Viola Bieliková] ; [zodp. red.: Marta Pernická] 
260 |a Nitra  |b Krajská štátna knižnica Karola Kmeťka  |c 2002 
300 |a 15 s.  |c 21x15 cm 
500 |a Údaj o zost. je prevzatý z tir. 
500 |a 60 výt. 
504 |a Usporiadanie abec. 74 zázn. o čl., kn. a zbor. v slov. Lit. 
600 1 |a Rosinský, Jozef,  |d 1897-1973  |2 SNK  |9 92579 
655 7 |a neperiodické bibliografie  |2 SNK  |9 60408 
700 1 |a Bieliková, Viola,  |d 1956-  |4 com  |9 112778 
700 1 |a Pernická, Marta  |4 com  |9 5337 
710 2 |a Krajská knižnica Karola Kmeťka v Nitre  |4 vyd  |9 132267 
919 |a 80-85143-30-5 
958 |a RM 
958 |a SF 
958 |a PB 
958 |a BX 
999 |c 941652  |d 943582 
952 |t P60, <03>, [BOOK], {603}  |a SNK  |b SNK  |y PREZ  |7 0  |p 17A0372016  |o snkOSC 21999  |i snkKSP 1111/2003  |0 0  |1 0  |4 0  |d 2003-01-27  |l 0  |r 2005-01-02 00:00:00  |w 2026-02-24 
952 |t P60, <04>, [BOOK], {604}  |a SNK  |b SNK  |y VYP  |7 0  |p 17A0372017  |o snkOSC 21999 D1  |i snkKSP 1112/2003  |0 0  |1 0  |4 0  |d 2003-01-27  |l 0  |r 2005-01-02 00:00:00  |w 2026-02-24